[Event "6th LGA Premium Cup"]
[Site "Nuernberg GER"]
[Date "2009.09.03"]
[Round "1"]
[White "Seyb,A"]
[Black "Schneider,Do"]
[Result "1-0"]
[WhiteElo "2248"]
[BlackElo "2105"]

1.e4 e6 2.d4 d5 3.Nc3 Nf6 4.e5 Nfd7 5.f4 c5 6.Nf3 Nc6 7.Be3 Qb6 8.Na4 Qa5+
9.c3 Be7 10.Nxc5 Nxc5 11.dxc5 Bxc5 12.b4 Nxb4 13.cxb4 Qxb4+ 14.Qd2 Qxd2+
15.Kxd2 Bb4+ 16.Kd1 b6 17.Bd3 Bd7 18.Ke2 Rc8 19.Rhc1 Bc5 20.a4 Ke7 21.a5 Bxe3
22.Kxe3 b5 23.a6 b4 24.Rab1 Rxc1 25.Rxc1 Rc8 26.Rxc8 Bxc8 27.Kd4 Kd7 28.Ng5 Kc6
29.Nxf7 Kb6 30.Nd6 Bxa6 31.Bxa6 Kxa6 32.f5  1-0

[Event "6th LGA Premium Cup"]
[Site "Nuernberg GER"]
[Date "2009.09.05"]
[Round "5"]
[White "Seyb,A"]
[Black "Heinz,A"]
[Result "0-1"]
[WhiteElo "2248"]
[BlackElo "2436"]

1.e4 e6 2.d4 d5 3.Nc3 Nf6 4.e5 Nfd7 5.f4 c5 6.Nf3 Nc6 7.Be3 Rb8 8.Qd2 Qa5
9.Be2 b5 10.O-O b4 11.Nd1 Ba6 12.Nf2 Bxe2 13.Qxe2 Qb6 14.Rad1 cxd4 15.Nxd4 Nxd4
16.Bxd4 Bc5 17.c3 bxc3 18.bxc3 O-O 19.Qh5 Qb2 20.f5 g6 21.Qh6 exf5 22.Rd3 Bxd4
23.Rh3 Bxf2+ 24.Rxf2 Qb1+ 25.Rf1 Qb6+ 26.Kh1 Rfe8 27.Qxh7+ Kf8 28.Qh6+ Ke7
29.Qg5+ Ke6 30.g4 Nxe5 31.gxf5+ Kd7 32.Rh7 Kc8 33.Qh4 Qe3 34.fxg6 Qd3 35.Re1 Qf3+
36.Kg1 Rb2 37.Qh3+ Qxh3 38.Rxh3 Nf3+  0-1

[Event "ch-RUS HL"]
[Site "Ulan Ude RUS"]
[Date "2009.09.07"]
[Round "6"]
[White "Yemelin,V"]
[Black "Volkov,Sergey1"]
[Result "1/2-1/2"]
[WhiteElo "2570"]
[BlackElo "2616"]

1.e4 e6 2.d4 d5 3.Nc3 Nf6 4.e5 Nfd7 5.f4 c5 6.Nf3 Be7 7.Be3 Qb6 8.a3 Nc6
9.Na4 Qa5+ 10.Nc3 Qb6 11.Na4 Qa5+ 12.Nc3  1/2-1/2

[Event "ch-RUS HL"]
[Site "Ulan Ude RUS"]
[Date "2009.09.10"]
[Round "8"]
[White "Savchenko,B"]
[Black "Rakhmanov,Ale"]
[Result "1/2-1/2"]
[WhiteElo "2638"]
[BlackElo "2588"]

1.e4 e6 2.Nc3 d5 3.d4 Nf6 4.e5 Nfd7 5.f4 c5 6.Nf3 Nc6 7.Be3 a6 8.Qd2 b5 9.dxc5 Bxc5
10.Bxc5 Nxc5 11.Qf2 Qb6 12.Nd2 b4 13.Ne2 Rb8 14.g3 a5 15.Nb3 Na4 16.Qxb6 Rxb6
17.O-O-O Ba6 18.Ned4 Nxd4 19.Rxd4 Bxf1 20.Rxf1 Rb5 21.c4 dxc4 22.Rfd1 O-O
23.Rxc4 Nb6 24.Rc6 Nd5 25.Ra6 g5 26.Rd4 gxf4 27.gxf4 Kg7 28.Kd2 Kg6 29.Nxa5 Kh5
30.Nc4 Rg8 31.Ne3 Nxe3 32.Kxe3 b3 33.a4 Rc5 34.Rd7 Kg6 35.Rb7 Rc2 36.Rxb3 Rxh2
37.Ke4 Re2+ 38.Kf3 Rc2 39.a5 h5 40.Rd6 h4 41.Rb7 Kh6 42.a6 Rg3+ 43.Ke4 Rc4+
44.Rd4 Rc1 45.Rd2 Rc4+ 46.Rd4 Rc1 47.Rd2 Rc4+  1/2-1/2

[Event "ch-NED w"]
[Site "Haaksbergen NED"]
[Date "2009.09.16"]
[Round "5"]
[White "Van Weersel,A"]
[Black "Peng Zhaoqin"]
[Result "0-1"]
[WhiteElo "2209"]
[BlackElo "2407"]

1.e4 e6 2.d4 d5 3.Nc3 Nf6 4.e5 Nfd7 5.f4 c5 6.Nf3 Nc6 7.Be3 a6 8.Qd2 b5 9.a3 Bb7
10.Bd3 Na5 11.O-O b4 12.axb4 cxb4 13.Nd1 Nc4 14.Qf2 g6 15.Bc1 Be7 16.Qg3 Qb6
17.Kh1 f5 18.exf6 Nxf6 19.Ng5 Nd6 20.Nxe6 Nfe4 21.Qe1 Nf5 22.Nc5 Bxc5 23.dxc5 Qxc5
24.Ne3 O-O 25.Bxe4 dxe4 26.Nxf5 Rxf5 27.Be3 Qc4 28.c3 bxc3 29.Qxc3 Qxc3 30.bxc3 a5
31.Rfb1 Bc6 32.Rb6 Rc8 33.Kg1 a4 34.g3 Kf7 35.Bd4 Rb5 36.Rxb5 Bxb5 37.Kf2 Rb8
38.Ke3 Ke6 39.Ra2 Bc6 40.g4 Rb3 41.f5+ gxf5 42.gxf5+ Kxf5 43.Rf2+ Kg5 44.h4+ Kg4
45.Bf6 Rb1 46.Rg2+ Kf5 47.Rf2+ Ke6 48.Bd4 Be8 49.Kxe4 Bg6+ 50.Kf4 Kd5 51.Ra2 Be8
52.Re2 Bb5 53.Re5+ Kc4 54.Rc5+ Kd3 55.Bh8 a3 56.c4 Bxc4 57.Rc7 h5 58.Rc5 Rb5
59.Rc8 a2 60.Ra8 Kc2 61.Ra7 Kb1 62.Ra8 Bd3 63.Ke3 Bc2 64.Rg8 Rb3+ 65.Kf4 Bd1
66.Rd8 Bf3 67.Re8 Bg4 68.Re1+ Kc2 69.Ra1 Rb4+ 70.Ke3 Be6 71.Rg1 Rg4 72.Rh1 Rg2
73.Kf4 Rg8 74.Be5 Rg4+ 75.Ke3 Bd5 76.Rh2+ Bg2 77.Kf2 Bd5 78.Ke3+ Rg2 79.Rh3 Rd2
80.Kf4 Re2 81.Bh8 Re8 82.Bg7 Rg8 83.Rh2+ Kb1 84.Bc3 Bg2 85.Kf5 a1=Q 86.Bxa1 Kxa1
87.Kf4 Kb2 88.Ke3 Kc3 89.Kf2 Be4 90.Ke3 Bg2 91.Kf2 Bd5 92.Ke3 Rg3+ 93.Kf4 Rg4+
94.Ke5 Bg2  0-1

[Event "TCh-SRB w"]
[Site "Pozarevac SRB"]
[Date "2009.09.19"]
[Round "6"]
[White "Stojanovic,Andj"]
[Black "Benderac,A"]
[Result "0-1"]
[WhiteElo "2323"]
[BlackElo "2298"]

1.e4 e6 2.d4 d5 3.Nc3 Nf6 4.e5 Nfd7 5.f4 c5 6.Nf3 Nc6 7.Be3 a6 8.Qd2 b5 9.a3 b4
10.axb4 cxb4 11.Na4 b3 12.c3 Na5 13.Bd3 Nb6 14.Nxb6 Qxb6 15.O-O Bd7 16.Qe2 Be7
17.Nd2 g6 18.g4 h5 19.f5 exf5 20.gxf5 gxf5 21.Kh1 Nc4 22.Nxc4 dxc4 23.Bxc4 Rc8
24.Bd5 a5 25.Qf3 a4 26.Bxf7+ Kxf7 27.d5 Qc6 28.e6+ Ke8 29.exd7+ Qxd7 30.Bd4 Rh7
31.Rxa4 Qxa4 32.Qxf5 Qa6 33.Rg1 Rf7 34.Rg8+ Rf8 35.Qxh5+ Kd8 36.Rxf8+ Bxf8
37.Qg5+ Kc7 38.Qf4+ Kb7 39.Qf7+ Ka8  0-1

[Event "TCh-ROU w Superliga"]
[Site "Eforie Nord ROU"]
[Date "2009.09.22"]
[Round "4"]
[White "Zdebskaja,N"]
[Black "Danielian,E"]
[Result "1/2-1/2"]
[WhiteElo "2410"]
[BlackElo "2489"]

1.e4 e6 2.d4 d5 3.Nc3 Nf6 4.e5 Nfd7 5.Nf3 c5 6.Bg5 Qb6 7.dxc5 Bxc5 8.Qd2 Nc6
9.O-O-O Qa5 10.a3 O-O 11.Bf6 Be7 12.Bxe7 Nxe7 13.h4 Nc6 14.Re1  1/2-1/2

[Event "ch-ChessClub A"]
[Site "Reykjavik ISL"]
[Date "2009.10.14"]
[Round "9"]
[White "Sigfusson,S"]
[Black "Halldorsson,J"]
[Result "1-0"]
[WhiteElo "2335"]
[BlackElo "2202"]

1.e4 e6 2.d4 d5 3.Nc3 Nf6 4.e5 Nfd7 5.Nce2 c5 6.f4 Nc6 7.Nf3 Be7 8.c3 O-O
9.g3 f5 10.Bh3 Nb6 11.O-O Bd7 12.g4 cxd4 13.Nexd4 g6 14.Kh1 Kh8 15.Rg1 Nxd4
16.cxd4 Rc8 17.gxf5 exf5 18.Qe1 Rc6 19.Bf1 Na8 20.Bd2 Nc7 21.Bd3 Ne6 22.Rg2 Qe8
23.Qg3 Qf7 24.Rag1 Rcc8 25.h4 Ng7 26.Qh3 a6 27.a3 Bb5 28.Bb1 Nh5 29.b3 a5
30.a4 Ba6 31.Ng5 Bxg5 32.Rxg5 Be2 33.Qe3 Bg4 34.R1xg4 fxg4 35.f5 g3 36.Kg2 gxf5
37.e6 f4 38.Qf3 Qf6 39.Rxh5 Rc7 40.Rf5 Qe7 41.Rxf8+ Qxf8 42.Bxf4  1-0

[Event "8th TCh-Eur w"]
[Site "Novi Sad SRB"]
[Date "2009.10.22"]
[Round "1"]
[White "Leconte,M"]
[Black "Isgandarova,K"]
[Result "1-0"]
[WhiteElo "2325"]
[BlackElo "2212"]

1.e4 e6 2.d4 d5 3.Nc3 Nf6 4.e5 Nfd7 5.Nf3 c5 6.dxc5 Nc6 7.Bf4 Bxc5 8.Bd3 f6
9.exf6 Qxf6 10.Bg3 O-O 11.O-O Nde5 12.Nxe5 Nxe5 13.Bxh7+ Kxh7 14.Qh5+ Kg8
15.Qxe5 Qxe5 16.Bxe5 Rf5 17.Bg3 Bd7 18.Rad1 Raf8 19.a3 a5 20.Rd2 Be3 21.Rdd1 Bc5
22.a4 Bc6 23.b3 b6 24.Nb5 e5 25.Rde1 e4 26.Re2 d4 27.Rd1 Rd8 28.Nc7 Bb4 29.Ne6 d3
30.cxd3 Rxd3 31.Rc1 Bd5 32.Nf4 Rxb3 33.Nxd5 Rxd5 34.Rxe4 Rc3 35.Rf1 Bc5 36.Be5 Rc2
37.g4 Rdd2 38.Bg3 Rd4 39.Rfe1 Rcc4 40.Re8+ Kh7 41.h3 Rxa4 42.R1e5 Ra1+ 43.Kg2 a4
44.Rh5+ Kg6 45.Be5 Re4 46.Rg8 Rxe5 47.Rxe5 a3 48.h4 Ra2 49.Rf5 Kh7 50.Ra8 Be7
51.h5 Re2 52.g5  1-0

[Event "8th TCh-Eur w"]
[Site "Novi Sad SRB"]
[Date "2009.10.23"]
[Round "2"]
[White "Newrkla,K"]
[Black "Leconte,M"]
[Result "0-1"]
[WhiteElo "2083"]
[BlackElo "2325"]

1.e4 e6 2.d4 d5 3.Nc3 Nf6 4.e5 Nfd7 5.f4 c5 6.Nf3 Nc6 7.Be3 Be7 8.Qd2 O-O
9.O-O-O c4 10.f5 b5 11.Bg5 b4 12.Ne2 exf5 13.Ng3 c3 14.Qf4 Qa5 15.bxc3 Qa3+
16.Kd2 Qxc3+ 17.Ke2 f6 18.exf6 Nxf6 19.Bxf6 Bxf6 20.Kf2 g5 21.Qd6 f4 22.Qxd5+ Kh8
23.Bd3 Ne7 24.Qxa8 fxg3+ 25.hxg3 Bxd4+ 26.Kf1 Nc6 27.Rxh7+ Kg8 28.Rh6 Bf6
29.Rg6+ Kf7 30.Nxg5+ Ke7 31.Re1+ Kd7 32.Nf3 Rh8 33.Nh4 Kc7 34.Rg4 Bxg4  0-1

[Event "8th TCh-Eur w"]
[Site "Novi Sad SRB"]
[Date "2009.10.24"]
[Round "3"]
[White "Dworakowska,J"]
[Black "Aginian,N"]
[Result "1-0"]
[WhiteElo "2345"]
[BlackElo "2307"]

1.e4 e6 2.d4 d5 3.Nc3 Nf6 4.e5 Nfd7 5.f4 c5 6.Nf3 Nc6 7.Be3 cxd4 8.Nxd4 Bc5
9.Qd2 O-O 10.O-O-O Qe7 11.Nb3 b6 12.h4 Bb7 13.Rh3 Rac8 14.Kb1 Bb4 15.h5 Nc5
16.Qf2 Nxb3 17.axb3 d4 18.Rxd4 Nxd4 19.Bxd4 Bc5 20.h6 Bxd4 21.Qxd4 g6 22.Qf2 f6
23.Qh4 Rc7 24.Qe1 fxe5 25.Qxe5 Rc5 26.Qe3 Qd6 27.g3 a6 28.Bc4 Re8 29.Rh2 Bd5
30.Nxd5 Rxd5 31.Bxd5 Qxd5 32.Qxb6 Rd8 33.Ka2 Rd6 34.Qb8+ Kf7 35.Qc7+ Rd7
36.Qc3 Kg8 37.Re2 Qd6 38.Qc8+ Kf7 39.Qh8 Qd5 40.Qxh7+ Kf8 41.Qh8+ Ke7 42.Re5 Qh1
43.Qg7+  1-0

[Event "Chigorin Mem Open"]
[Site "St Petersburg RUS"]
[Date "2009.10.24"]
[Round "9"]
[White "Kobalia,M"]
[Black "Rychagov,A"]
[Result "0-1"]
[WhiteElo "2648"]
[BlackElo "2552"]

1.e4 e6 2.d4 d5 3.Nc3 Nf6 4.e5 Nfd7 5.f4 c5 6.Nf3 Nc6 7.Ne2 b5 8.a3 Be7 9.Be3 O-O
10.dxc5 Nxc5 11.Ned4 Nxd4 12.Nxd4 Bd7 13.Be2 Rb8 14.O-O a5 15.f5 exf5 16.Nxf5 Bxf5
17.Rxf5 b4 18.Kh1 bxa3 19.bxa3 Ne4 20.Bd3 Qc8 21.Rf3 Bc5 22.Qe1 Bxe3 23.Rxe3 Qc7
24.c4 Qxe5 25.cxd5 Nf2+ 26.Kg1 Nxd3 27.Rxd3 Rfe8 28.Qf1 Rb6 29.Rad1 Rd6 30.Qf2 h6
31.h3 Qg5 32.Rf1 Re7 33.Rfd1 Re5 34.Qd2 Qxd2 35.R1xd2 Kf8 36.Kf2 Ke7 37.g4 h5
38.Kg3 hxg4 39.hxg4 Rg5 40.Kf4 Rdg6 41.Rg2 Kd6 42.a4 Rxd5 43.Rxd5+ Kxd5 44.Rb2 Rc6
45.Rb7 Ke6 46.Kg3 g6 47.Ra7 Rc5 48.Ra6+ Ke7 49.Kh4 Kf8 50.Ra7 Kg7 51.Kg3 Rc3+
52.Kf2 Rc4 53.Rxa5 Rxg4 54.Ra8 Rb4 55.a5 Ra4 56.Ke3 g5 57.a6 Kg6 58.Rg8+ Kf5
59.Rf8 f6 60.Ra8 Kg4 61.a7 f5 62.Kf2 Ra3 63.Ke2 Kf4  0-1

[Event "24th GP Open A"]
[Site "Le Touquet FRA"]
[Date "2009.10.27"]
[Round "5"]
[White "Riff,JN"]
[Black "Song,Ju"]
[Result "1-0"]
[WhiteElo "2501"]
[BlackElo "2289"]

1.e4 e6 2.d4 d5 3.Nc3 Nf6 4.e5 Nfd7 5.Nf3 c5 6.dxc5 Nc6 7.Bf4 Nxc5 8.a3 Be7
9.h4 Bd7 10.Be2 Qb6 11.b4 Ne4 12.Nxe4 dxe4 13.Nd2 Rd8 14.Nc4 Qc7 15.Nd6+ Bxd6
16.exd6 Qc8 17.c4 O-O 18.c5 e5 19.Be3 a6 20.g3 f5 21.Qd2 Rf7 22.Bc4 Be6 23.d7 Qxd7
24.Qxd7 Bxd7 25.O-O-O h6 26.Rd6 Bc8 27.Rxd8+ Nxd8 28.Bxf7+ Kxf7 29.Rd1 Ke7
30.Kb2 Bd7 31.Kb3 Ne6 32.a4 Bc6 33.h5 Kf7 34.Rd6 Ke7 35.Kc4 f4 36.gxf4 exf4
37.Bd2 e3 38.fxe3 fxe3 39.b5 axb5+ 40.axb5 Bf3 41.Bxe3 Bxh5 42.Kb4 Bf3 43.Ka5 g5
44.Kb6 h5 45.Rd2 h4 46.c6 bxc6 47.bxc6 g4 48.Bg5+  1-0

[Event "13th OIBM"]
[Site "Bad Wiessee GER"]
[Date "2009.10.31"]
[Round "1"]
[White "Salvermoser,B"]
[Black "Schoenegg,W"]
[Result "1-0"]
[WhiteElo "2314"]
[BlackElo "1977"]

1.d4 e6 2.e4 d5 3.Nc3 Nf6 4.e5 Nfd7 5.f4 c5 6.Nf3 Nc6 7.Be3 Qb6 8.Na4 Qa5+
9.c3 cxd4 10.b4 Bxb4 11.cxb4 Qxb4+ 12.Bd2 Qa3 13.Bb5 Nb6 14.Qb3 Qxb3 15.axb3 Nxa4
16.Rxa4 Bd7 17.Nxd4 f6 18.Bxc6 bxc6 19.Ra6 Rc8 20.Rxa7 fxe5 21.fxe5 c5 22.Nf3 h6
23.O-O Rf8 24.Rfa1 Rb8 25.Rc7 Rf7 26.Rxc5 Rxb3 27.Nd4 Rb7 28.g3 g5 29.Ra8+ Ke7
30.Nc6+ Bxc6 31.Rxc6 Rf3 32.Bb4+  1-0

[Event "TCh-NED 2009-10"]
[Site "Netherlands NED"]
[Date "2009.10.31"]
[Round "2"]
[White "Van Kerkhof,D"]
[Black "De Jager,J"]
[Result "0-1"]
[WhiteElo "2219"]
[BlackElo "2368"]

1.e4 e6 2.d4 d5 3.Nc3 Nf6 4.e5 Nfd7 5.f4 c5 6.Nf3 Nc6 7.Be3 cxd4 8.Nxd4 Bc5
9.Qd2 O-O 10.O-O-O a6 11.Qf2 Bxd4 12.Bxd4 b5 13.Bd3 b4 14.Ne2 a5 15.Qg3 Ba6
16.f5 Bxd3 17.Rxd3 exf5 18.e6 Nxd4 19.Nxd4 Nc5 20.Re3 f4 21.Qxf4 fxe6 22.Qg4 Qd7
23.Rhe1 Rf6 24.h4 Rc8 25.Qh3 e5 26.Qg3 Ne4 27.Qxe5 Re8 28.Qh5 g6 29.Qd1 a4
30.Nf3 Qc6 31.Ng5 Rf2 32.R1e2 Rxe2 33.Qxe2 h6 34.Nxe4 dxe4 35.b3 axb3 36.axb3 Kg7
37.Qc4 Qxc4 38.bxc4 Kf6 39.Kd2 Rd8+ 40.Ke2 Rd4 41.c5 Rc4 42.Kd2 Kf5 43.Rb3 Kg4
44.c6 Kxh4 45.c7 Rxc7 46.Rxb4 Re7 47.Rb3 Kg4 48.c4 Rc7 49.Rc3 Kf4 50.c5 Rc6
51.g3+ Ke5 52.Ke3 Kd5 53.g4 Rf6 54.Rc1 Rf3+ 55.Ke2 Kc6 56.Rh1 Rf4 57.Rxh6 Rxg4
58.Ke3 Kxc5 59.Rh8 Kd5 60.Rd8+ Ke5 61.Re8+ Kf5 62.Rf8+ Kg5 63.Rh8 Rf4 64.Rg8 Rf7
65.Kxe4 Kh5 66.Ke3 g5 67.Rh8+ Kg4 68.Rh1 Rf5 69.Rg1+ Kh3 70.Ke4 Ra5 71.Kf3 g4+
72.Kf4 Ra4+ 73.Ke3 Kh2 74.Rf1  0-1

[Event "WJun Girls"]
[Site "Puerto Madryn ARG"]
[Date "2009.11.03"]
[Round "13"]
[White "Paulet,I"]
[Black "Cori T.,D"]
[Result "0-1"]
[WhiteElo "2342"]
[BlackElo "2361"]

1.e4 e6 2.d4 d5 3.Nc3 Nf6 4.e5 Nfd7 5.f4 c5 6.Nf3 Nc6 7.Be3 a6 8.Qd2 b5 9.a3 g5
10.fxg5 cxd4 11.Nxd4 Ncxe5 12.Bf4 Bg7 13.O-O-O O-O 14.h4 Bb7 15.h5 Qe7 16.Na2 Rac8
17.g4 Nc5 18.Qh2 Nxg4 19.Qg3 Bxd4 20.Rxd4 e5 21.Kb1 exd4 22.Qxg4 d3 23.Bxd3 Nxd3
24.cxd3 Qe6 25.Qg3 Qf5 26.Be5 Rfe8 27.Bd4 Re4 28.Bf6 Rg4 29.Qd6 Qxd3+ 30.Ka1 Qe3
31.Rb1 d4 32.Nb4 Qe6 33.Qxe6 fxe6 34.Rd1 a5 35.Nd3 Bd5 36.Ne5 Rg2 37.Nd3 Bb3
38.Re1 Rd2 39.Nf4 e5 40.g6 exf4 41.gxh7+ Kxh7 42.Re7+ Kh6  0-1

[Event "3rd Asian Indoor Team Rapid Prelim"]
[Site "Ha Long City VIE"]
[Date "2009.11.05"]
[Round "1"]
[White "Iman,H"]
[Black "Le Thanh Tu"]
[Result "0-1"]
[WhiteElo "2130"]
[BlackElo "2344"]

1.e4 e6 2.d4 d5 3.Nc3 Nf6 4.e5 Nfd7 5.f4 c5 6.Nf3 Nc6 7.Be3 cxd4 8.Nxd4 Bc5
9.Qd2 a6 10.Be2 O-O 11.Rd1 Nxd4 12.Bxd4 b5 13.a3 Qc7 14.Qe3 Bb7 15.O-O Rac8
16.Bxc5 Qxc5 17.Qxc5 Nxc5 18.Rd4 g6 19.g4 h6 20.h4 Kg7 21.Kg2 g5 22.hxg5 hxg5
23.f5 Rh8 24.f6+ Kg8 25.Kg3 Nd7 26.Rdd1 Nxe5 27.Rh1 Rxh1 28.Rxh1 d4 29.Rh5 dxc3
30.b3 Nd7 31.Rxg5+ Kf8 32.Rh5 Nxf6 33.Rh6 Ke7 34.g5 Rg8 35.Kf4 Nd5+  0-1

[Event "Open"]
[Site "Leuven BEL"]
[Date "2009.11.14"]
[Round "4"]
[White "Froeyman,H"]
[Black "Hovhanisian,M"]
[Result "1-0"]
[WhiteElo "2259"]
[BlackElo "2480"]

1.e4 e6 2.d4 d5 3.Nc3 Nf6 4.e5 Nfd7 5.f4 c5 6.Nf3 Nc6 7.Be3 Qb6 8.Na4 Qa5+
9.c3 cxd4 10.b4 Nxb4 11.cxb4 Bxb4+ 12.Bd2 Bxd2+ 13.Nxd2 O-O 14.Bd3 b5 15.Nb2 Nb6
16.Qc2 Nc4 17.Ke2 Qc3 18.Rab1 Na3 19.Qb3 Nxb1 20.Rxb1 Bd7 21.Nd1 Qc5 22.Nf3 Rfc8
23.Qb2 a5 24.Qxd4 b4 25.Qxc5 Rxc5 26.Nd4 Kf8 27.Kd2 Ke7 28.g3 f6 29.h4 h6
30.Ke3 fxe5 31.fxe5 Ba4 32.Nb2 Be8 33.Nd1 Rb8 34.Kd2 Bh5 35.Nb2 Rf8 36.Na4 Rcc8
37.Ke3 Be8 38.Nb2 Rc3 39.Ra1 a4 40.Nd1 Rf1 41.Nc2 Rf3+ 42.Kxf3 Rxd3+ 43.Kf4 Rd2
44.Ne1 Rd4+ 45.Ke3 Re4+ 46.Kd2 Rxe5 47.Nd3 Re4 48.N1f2 Rd4 49.Rb1 b3 50.axb3 e5
51.Ke3 Kd6 52.bxa4 Rxa4 53.Rb6+ Bc6 54.Nxe5 Kxe5 55.Rxc6 Ra3+ 56.Nd3+ Kf5
57.Rd6 g5 58.Rxh6 gxh4 59.Rxh4 Ra8 60.Rf4+ Kg5 61.Kd4 Ra3 62.Ke3 Ra8 63.Kf3 Ra3
64.Rd4 Ra5 65.Nf4 Ra3+ 66.Rd3 Ra1 67.Rxd5+ Kf6 68.Kg4 Ra4 69.Rd6+ Ke7 70.Rb6 Ra3
71.Kh4 Rf3 72.Ng6+ Ke8 73.g4 Rf1 74.Kg5 Re1 75.Rf6 Ra1 76.Ne5 Ke7 77.Ng6+ Ke8
78.Kh6 Rh1+ 79.Kg7 Rg1 80.Rf4 Re1 81.g5 Rg1 82.Kf6 Ra1 83.Re4+ Kd7 84.Ne7 Rf1+
85.Nf5 Ra1 86.g6 Ra6+ 87.Kf7 Kc6 88.g7 Ra7+ 89.Ne7+ Kc5 90.g8=Q Ra5 91.Qc8+ Kb6
92.Rb4+ Rb5 93.Qc6+ Ka7 94.Qxb5  1-0

[Event "TCh-FIN 2009-10"]
[Site "Finland FIN"]
[Date "2009.11.15"]
[Round "5"]
[White "Sorsa,N"]
[Black "Binham,T"]
[Result "0-1"]
[WhiteElo "2223"]
[BlackElo "2310"]

1.e4 e6 2.d4 d5 3.Nc3 Nf6 4.e5 Nfd7 5.f4 c5 6.Nf3 Nc6 7.Be3 a6 8.Qd2 b5 9.Qf2 Qa5
10.Bd3 b4 11.Nd1 c4 12.Be2 b3+ 13.c3 Qxa2 14.Rc1 Nb6 15.Ng5 h6 16.Nh3 a5
17.f5 exf5 18.Nf4 g5 19.Nxd5 Nxd5 20.Bxc4 Be6 21.Bb5 Rc8 22.O-O f4 23.Bd2 Be7
24.c4 Nb4 25.Bxb4 axb4 26.d5 O-O 27.Bxc6 Bd7 28.Qb6 Bxc6 29.dxc6 Rb8 30.Qd4 Qa5
31.Kh1 Rbc8 32.Qd5 Qb6 33.Nf2 Rfd8 34.Qf3 Qxc6 35.Qxb3 Rd2 36.Qh3 Rxb2 37.Ng4 h5
38.Nh6+ Kf8 39.Rg1 h4 40.Qf5 Qe6 41.Qh7 Ke8 42.Ng8 h3 43.Nf6+ Bxf6 44.exf6 hxg2+
45.Rxg2 Rxg2 46.Rd1 Rxh2+ 47.Qxh2 Qe4+ 48.Kg1 Qe3+ 49.Kf1 Qf3+ 50.Ke1 Qg3+
51.Qxg3 fxg3 52.Rd4 b3 53.Re4+ Kd7 54.Kd1 b2 55.Kc2 g2 56.Re1 Rxc4+ 57.Kxb2 Rf4
58.Rg1 Rf2+ 59.Kc3 Ke6  0-1

[Event "New Years All-Ukrainian Open"]
[Site "Poltava UKR"]
[Date "2009.12.05"]
[Round "2"]
[White "Alexikov,A"]
[Black "Naboka,S"]
[Result "1-0"]
[WhiteElo "2364"]
[BlackElo "2087"]

1.e4 e6 2.d4 d5 3.Nc3 Nf6 4.e5 Nfd7 5.f4 c5 6.Nf3 Nc6 7.Be3 cxd4 8.Nxd4 Bc5
9.Qd2 a6 10.O-O-O O-O 11.Nb3 Bxe3 12.Qxe3 b5 13.Bd3 Bb7 14.Qh3 h6 15.Kb1 Nb6
16.g4 Nb4 17.g5 Nxd3 18.Rxd3 hxg5 19.Rg1 Bc8 20.Rxg5 f6 21.Rh5 Kf7 22.Ne4 Nc4
23.Nxf6 Qb6 24.Rg3 gxf6 25.Rh7+ Ke8 26.Qh5+ Kd8 27.Qh6 Ke8 28.Qg6+ Kd8 29.Qg7  1-0

[Event "New Years All-Ukrainian Open"]
[Site "Poltava UKR"]
[Date "2009.12.07"]
[Round "5"]
[White "Varchenko,G"]
[Black "Chumachenko,Alexander"]
[Result "1-0"]
[WhiteElo "2165"]
[BlackElo "2106"]

1.e4 e6 2.d4 d5 3.Nc3 Nf6 4.e5 Nfd7 5.f4 c5 6.Nf3 Nc6 7.Be3 cxd4 8.Nxd4 Bc5
9.Qd2 a6 10.Be2 Nxd4 11.Bxd4 Bxd4 12.Qxd4 Qb6 13.Qxb6 Nxb6 14.a4 Bd7 15.a5 Nc8
16.Bd3 Ne7 17.Ne2 Nc6 18.c3 f6 19.exf6 gxf6 20.O-O Ke7 21.Rfd1 h5 22.Bc2 Rag8
23.f5 Rg5 24.Nf4 Rhg8 25.fxe6 Bxe6 26.Bb3 Rd8 27.Rf1 Bg8 28.Rae1+ Kd6 29.Nh3 Rg6
30.Bc2 Rh6 31.b4 d4 32.cxd4 Nxd4 33.Be4 Kc7 34.Rc1+ Kb8 35.Rf2 Bh7 36.Bxh7 Rxh7
37.Kf1 Rd6 38.Rd2 Rhd7 39.Rcd1 Kc7 40.Nf4 h4 41.Rxd4 Rxd4 42.Rxd4 Rxd4 43.Ne6+ Kd6
44.Nxd4 Kd5 45.Nf3 Kc4 46.Nxh4 Kxb4 47.Nf3 Kxa5 48.h4 b5 49.h5 b4 50.h6 b3
51.h7 b2  1-0

[Event "Open"]
[Site "Pilsen CZE"]
[Date "2009.12.08"]
[Round "5"]
[White "Maly,Ant"]
[Black "Cecil,P"]
[Result "0-1"]
[WhiteElo "1881"]
[BlackElo "2010"]

1.e4 e6 2.d4 d5 3.Nc3 Nf6 4.e5 Nfd7 5.Nce2 c5 6.c3 Nc6 7.Nf3 f6 8.exf6 Nxf6
9.g3 cxd4 10.Nexd4 Bd6 11.Bh3 e5 12.Nxc6 bxc6 13.Bxc8 Qxc8 14.O-O O-O 15.Kg2 Qb7
16.Qb3 Rab8 17.Qxb7 Rxb7 18.Rb1 Ne4 19.Be3 Rfb8 20.Rbc1 Rxb2 21.Bxa7 Ra8
22.Be3 Raxa2 23.Ng5 Nxg5 24.Bxg5 Bc5  0-1

[Event "16th Open A"]
[Site "Zadar CRO"]
[Date "2009.12.14"]
[Round "2"]
[White "Halvax,G"]
[Black "Dimitrov,Pa"]
[Result "0-1"]
[WhiteElo "2294"]
[BlackElo "2371"]

1.e4 e6 2.d4 d5 3.Nc3 Nf6 4.e5 Nfd7 5.f4 c5 6.Nf3 Nc6 7.Be3 a6 8.Qd2 b5 9.dxc5 Nxc5
10.Qf2 b4 11.Bxc5 bxc3 12.b3 Qa5 13.Bxf8 Rxf8 14.a3 f6 15.Nd4 Qc5 16.Nxc6 Qxc6
17.Qd4 fxe5 18.fxe5 g5 19.g3 Bb7 20.Rd1 Rc8 21.Bd3 Qc5 22.Bxh7 Qxa3 23.Qb6 Qc5
24.Qxe6+ Kd8 25.Rd3 Rc7 26.Qh6 d4 27.Qxg5+ Re7 28.Rg1 Kc7 29.Qh4 Qxe5+ 30.Kd1 Qe2+
31.Kc1 Rf1+ 32.Rxf1 Qxf1+ 33.Rd1 Qxd1+  0-1

[Event "Tch-SLO League"]
[Site "Rogaska Slatina SLO"]
[Date "2009.12.15"]
[Round "8"]
[White "Palac,M"]
[Black "Dizdar,G"]
[Result "1/2-1/2"]
[WhiteElo "2578"]
[BlackElo "2558"]

1.e4 e6 2.d4 d5 3.Nc3 Nf6 4.e5 Nfd7 5.f4 c5 6.Nf3 Nc6 7.Be3 cxd4 8.Nxd4 Bc5
9.Qd2 O-O 10.O-O-O a6 11.Kb1 Nxd4 12.Bxd4 b5 13.Qf2 Qe7 14.Bd3 Bxd4 15.Qxd4  1/2-1/2

[Event "16th Open A"]
[Site "Zadar CRO"]
[Date "2009.12.16"]
[Round "6"]
[White "Zelcic,R"]
[Black "Sedlak,N"]
[Result "1/2-1/2"]
[WhiteElo "2545"]
[BlackElo "2576"]

1.e4 e6 2.d4 d5 3.Nc3 Nf6 4.e5 Nfd7 5.f4 c5 6.Nf3 Nc6 7.Be3 Qb6 8.a3 cxd4
9.Nxd4 Bc5 10.Na4 Qa5+ 11.Nc3 Nxd4 12.Bxd4 Qb6 13.Na4 Qa5+ 14.Nc3 Qb6 15.Na4 Qa5+  1/2-1/2

[Event "26th Open"]
[Site "Boeblingen GER"]
[Date "2009.12.29"]
[Round "7"]
[White "Wutz,C"]
[Black "Frey,We"]
[Result "1-0"]
[WhiteElo "2198"]
[BlackElo "2082"]

1.e4 e6 2.d4 d5 3.Nc3 Nf6 4.e5 Nfd7 5.Nf3 c5 6.dxc5 Nc6 7.Bf4 Nxc5 8.Bd3 Be7
9.O-O a6 10.Re1 O-O 11.Bg3 Bd7 12.Bf1 Kh8 13.a3 f5 14.exf6 Bxf6 15.Bd6 Be7
16.Bxe7 Nxe7 17.b4 Na4 18.Nxa4 Bxa4 19.Rxe6 Ng6 20.Nd4 Nf4 21.Re5 Qd6 22.Re3 Rae8
23.Qd2 Rxe3 24.Qxe3 Re8 25.Qd2 Qf6 26.Rd1 Bd7 27.c3 h5 28.Ne2 Bg4 29.Nxf4 Bxd1
30.Nxd5 Rd8 31.Qxd1 Qg5 32.c4 b5 33.Qf3  1-0

[Event "Pan-American Intercollegiate"]
[Site "South Padre Island USA"]
[Date "2009.12.29"]
[Round "4"]
[White "Sadorra,J"]
[Black "Kuljasevic,D"]
[Result "1/2-1/2"]
[WhiteElo "2478"]
[BlackElo "2544"]

1.e4 e6 2.d4 d5 3.Nc3 Nf6 4.e5 Nfd7 5.Qg4 c5 6.dxc5 Nc6 7.Nf3 f5 8.Qg3 Nxc5
9.Be3 Ne4 10.Nxe4 dxe4 11.Nd2 Qa5 12.c3 Qxe5 13.Bf4 Qf6 14.Bb5 Be7 15.Nc4 O-O
16.O-O-O e5 17.Nxe5 Nxe5 18.Bxe5 Qh6+ 19.Bf4 Qf6 20.Be5 Qh6+ 21.Bf4 Qf6 22.Be5  1/2-1/2

[Event "26th Open"]
[Site "Boeblingen GER"]
[Date "2009.12.30"]
[Round "8"]
[White "Hirneise,J"]
[Black "Rojas Keim,L"]
[Result "1-0"]
[WhiteElo "2293"]
[BlackElo "2466"]

1.e4 e6 2.d4 d5 3.Nc3 Nf6 4.e5 Nfd7 5.f4 c5 6.Nce2 Nc6 7.Nf3 Qb6 8.g3 Be7
9.Bh3 cxd4 10.Nexd4 Nxd4 11.Nxd4 f5 12.c3 Nc5 13.Qe2 Bd7 14.Be3 Qa6 15.Bf1 Qxe2+
16.Bxe2 Kf7 17.O-O-O h5 18.Kb1 Ba4 19.Rc1 Rac8 20.c4 Bc6 21.Rc2 dxc4 22.Nxc6 Rxc6
23.Rxc4 Ne4 24.Rxc6 bxc6 25.Rc1 c5 26.Bf3 Kg6 27.Rc4 h4 28.g4 h3 29.Kc2 Rh4
30.Kd3 Kf7 31.b3 g5 32.gxf5 gxf4 33.f6 fxe3 34.Rxe4 Rxe4 35.Bh5+  1-0

[Event "22nd Open"]
[Site "Staufer GER"]
[Date "2010.01.04"]
[Round "5"]
[White "Braun,Jo"]
[Black "Maeurer,C"]
[Result "1/2-1/2"]
[WhiteElo "2138"]
[BlackElo "2310"]

1.e4 e6 2.d4 d5 3.Nc3 Nf6 4.e5 Nfd7 5.f4 c5 6.Nf3 Nc6 7.Be3 Be7 8.Qd2 O-O
9.Bd3 a6 10.O-O b5 11.dxc5 Bxc5 12.Bxc5 Nxc5 13.Qf2 Nxd3  1/2-1/2

[Event "ch-AUS"]
[Site "Sydney AUS"]
[Date "2010.01.07"]
[Round "5"]
[White "Wallis,C"]
[Black "Lazarus,Be"]
[Result "1-0"]
[WhiteElo "2246"]
[BlackElo "2162"]

1.e4 e6 2.d4 d5 3.Nc3 Nf6 4.e5 Nfd7 5.f4 c5 6.Nf3 Nc6 7.Be3 Be7 8.dxc5 O-O
9.Qd2 Bxc5 10.Bxc5 Nxc5 11.O-O-O Qa5 12.Kb1 Rb8 13.Qf2 Qb4 14.Nd4 Bd7 15.a3 Qb6
16.f5 Ne4 17.Nxe4 dxe4 18.f6 Nxe5 19.fxg7 Kxg7 20.Qf4 Ng6 21.Qxe4 e5 22.Nf5+ Bxf5
23.Qxf5 Qf6 24.Qe4 Qf4 25.Qe1 Rfd8 26.Rxd8 Rxd8 27.Bd3 Rd4 28.g3 Qf6 29.Rf1 Qe6
30.Qe3 Qd6 31.Qf3 Qe7 32.Be4 b6 33.h4 Rd6 34.h5 Nf8 35.Qg4+ Kh8 36.Qf5 Qe6
37.Qg5 f6 38.Qh6 Qg8 39.b3 Qg7 40.Qe3 Ne6 41.Qc3 Qe7 42.Qc8+ Rd8 43.Qc6 Rd6
44.Qc8+ Qd8 45.Qb7 Rd7 46.Qc6 Nc5 47.Bf5 Rd6 48.Qf3 Qe7 49.b4 Nb7 50.Be4 Nd8
51.Qf5 a5 52.c3 axb4 53.axb4 Qg7 54.h6 Qg8 55.Bc2 Nf7 56.Rh1 Ng5 57.Kb2 Qe6
58.Ra1 Rd8 59.Qxe6 Nxe6 60.Ra6 Rb8 61.Kc1 Ng5 62.Kd2 Ne6 63.Ra7 Nf8 64.Rf7 Rd8+
65.Ke3 Ng6 66.Rxf6 Ne7 67.Rf7 Nd5+ 68.Ke4 Nxc3+ 69.Kxe5 Nd5 70.Rxh7+ Kg8
71.Rg7+ Kh8 72.Rh7+ Kg8 73.Rb7 Nxb4 74.Bb3+ Kh8 75.Rxb6 Nd3+ 76.Kf5 Rf8+
77.Rf6 Re8 78.Be6 Nc5 79.g4 Nxe6 80.Rxe6 Rf8+ 81.Kg5 Ra8 82.Kh5 Kh7 83.Re7+ Kh8
84.g5 Ra5 85.Rb7 Rc5 86.Re7 Ra5 87.Kg6 Ra6+ 88.Kf5 Ra1 89.Kf6 Rf1+ 90.Kg6 Rf8
91.Kh5 Rf5 92.Kg4 Rf1 93.Kh5 Rf5 94.Kg4 Rf1 95.g6 Rg1+ 96.Kf5 Rf1+ 97.Ke6 Re1+
98.Kd6 Rd1+ 99.Kc5 Rc1+ 100.Kd4 Rd1+ 101.Kc3 Rc1+ 102.Kd2 Rc8 103.Ke3 Ra8
104.Kf4 Kg8 105.Kf5 Kf8 106.Rf7+ Kg8 107.Re7 Kf8 108.Re5 Ra1 109.g7+ Kf7
110.Re7+  1-0